Qui est cet animal ? - Statistiques

Statistiques générales
  • Ce quiz a été pris 65 fois
  • Le résultat moyen est 2 sur 6
Statistiques - réponses
Questions Réponses % Correct
Merci d'avoir répondu ! (Ok) Ok
90%
Quel est cet animal ? (Le ...) Le Quokka
33%
C'est un petit (...) Marsupial
20%
Où vit t'il ? (En ...) En Australie
12%
Pourquoi est-t'il si connu ? (Parce qu'il ...) Parce qu'il sourit
8%
Quel famille appartient-t'il ? (Des...) Des macropodidés
4%
Aucun quiz correspondant
Distribution des résultats
% des personnes avec chaque résultat
Percentile par nombre de réponses
Votre historique - résultats
Vous n’avez pas pris ce quiz